| 000 | 00323nam a2200121Ia 4500 | ||
|---|---|---|---|
| 005 | 20251222144856.0 | ||
| 008 | 251222s9999||||xx |||||||||||||| ||spa|| | ||
| 082 | _a343.052/V47T | ||
| 100 | _aVera Paredes, Isaías | ||
| 245 | 0 | _aTeoría y Práctica de la Ley del Impuesto a la Renta | |
| 264 | _bVera Paredes | ||
| 942 | _cLIB | ||
| 999 |
_c21791 _d21791 |
||